00934nam a2200205 a 4500001001000000005001700010008004100027041000800068044000700076050001600083245026300099260006700362300003700429500003400466500016300500500000900663650001700672650001000689650002900699BRCA_698020190320205651.0221111s1945----sp-ab#####---#000-0#spa-# aspa asp 4aVK551b.C6710aBreve compendiop de la sphera y de la arte de navegarbedición facsimilar de la obra que Martin Cortes redacto en Cádiz por 1545 e imprimio en Sevilla en 1551cintroducción por Laureano Labarta Ubieto, Salvador García Franco, Julio F. Guillen y Tato. aZaragoza, EspañabInstitución Fernando el Católicoc1945 a95 p., 21 p.bil., mapasc?? cm. aEjemplar numerado 380 de 500. aEdición conmemorativa del IV centenario de la redacción de este libro, en Cádiz, 1545, se publica a base del ejemplar que posee el Museo Naval de Madrid aO21314aNavegación14aMapas14aGeografía matemática